000 00218nam a22000977a 4500
999 _c16080
_d16080
003 OSt
008 191029b ||||| |||| 00| 0 eng d
100 _aBalakrishnan.
_94458
245 _aThiranjaeduth ganangal
942 _cBK